000 00424nam a2200181Ia 4500
001 20554
005 20260306172814.0
008 260306t2007||||xx |||||||||||||| ||spa||
041 _aESP
082 _a343.4
_bF53
100 _aFioravanti, Maurizio
_eAUT
245 0 _aLos derechos fundamentales
260 _c2007
300 _a165 páginas :
_c23 cm.
650 _aGEN
654 _aCDE
942 _cLIB
_dJUS
_fJUS
_2ddc
_n
999 _c20554
_d20554